[Event "XLIV Memoriał Szachowy Ludwika Zamenhofa 2025, Grupa B"]
[Site "Bialystok, Poland"]
[Date "2025.12.30"]
[Round "7.21"]
[White "Skiba, Igor"]
[Black "Ryszkiewicz, Adam"]
[Result "1/2-1/2"]
[TimeControl "90'+30\""]
[WhiteElo "1762"]
[BlackElo "1985"]

1. e4 {[%clk 01:29:45]} {[%emt 00:01:10]} d5 {[%clk 01:30:58]} {[%emt
00:00:07]} 2. exd5 {[%clk 01:29:51]} {[%emt 00:00:23]} Qxd5 {[%clk 01:31:23]}
{[%emt 00:00:04]} 3. Nf3 {[%clk 01:29:55]} {[%emt 00:00:26]} Nf6 {[%clk
01:31:48]} {[%emt 00:00:05]} 4. d4 {[%clk 01:29:32]} {[%emt 00:00:52]} Bg4
{[%clk 01:32:00]} {[%emt 00:00:18]} 5. Be2 {[%clk 01:29:51]} {[%emt 00:00:11]}
e6 {[%clk 01:32:16]} {[%emt 00:00:14]} 6. O-O {[%clk 01:28:45]} {[%emt
00:01:36]} Nc6 {[%clk 01:32:19]} {[%emt 00:00:26]} 7. c4 {[%clk 01:28:00]}
{[%emt 00:01:15]} Qd6 {[%clk 01:29:41]} {[%emt 00:03:06]} 8. Be3 {[%clk
01:24:27]} {[%emt 00:04:04]} O-O-O {[%clk 01:23:11]} {[%emt 00:07:00]} 9. Qb3
{[%clk 01:20:40]} {[%emt 00:04:19]} h6 {[%clk 01:21:52]} {[%emt 00:01:49]} 10.
Nc3 {[%clk 01:18:43]} {[%emt 00:02:26]} g5 {[%clk 01:16:39]} {[%emt 00:05:43]}
11. Rfd1 {[%clk 01:14:14]} {[%emt 00:04:58]} a6 {[%clk 01:07:26]} {[%emt
00:09:43]} 12. d5 {[%clk 01:02:36]} {[%emt 00:12:08]} exd5 {[%clk 01:07:00]}
{[%emt 00:00:56]} 13. Nxd5 {[%clk 01:02:26]} {[%emt 00:00:40]} Nxd5 {[%clk
01:06:54]} {[%emt 00:00:36]} 14. Rxd5 {[%clk 01:02:00]} {[%emt 00:00:56]} Qb4
{[%clk 01:06:56]} {[%emt 00:00:27]} 15. Rxd8+ {[%clk 00:59:34]} {[%emt
00:02:57]} Nxd8 {[%clk 01:06:31]} {[%emt 00:00:55]} 16. Qxb4 {[%clk 00:57:04]}
{[%emt 00:03:00]} Bxb4 {[%clk 01:06:34]} {[%emt 00:00:27]} 17. Nd4 {[%clk
00:56:30]} {[%emt 00:01:03]} Bxe2 {[%clk 01:05:16]} {[%emt 00:01:49]} 18. Nxe2
{[%clk 00:56:27]} {[%emt 00:00:33]} Ne6 {[%clk 01:05:14]} {[%emt 00:00:32]} 19.
Rd1 {[%clk 00:52:09]} {[%emt 00:04:48]} f5 {[%clk 01:04:47]} {[%emt 00:00:57]}
20. g3 {[%clk 00:48:11]} {[%emt 00:04:28]} Rf8 {[%clk 01:04:32]} {[%emt
00:00:45]} 21. f4 {[%clk 00:45:18]} {[%emt 00:03:24]} Re8 {[%clk 01:04:37]}
{[%emt 00:00:25]} 22. Kf2 {[%clk 00:44:00]} {[%emt 00:01:48]} Nc5 {[%clk
01:04:57]} {[%emt 00:00:09]} 23. Nd4 {[%clk 00:42:16]} {[%emt 00:02:14]} Ne4+
{[%clk 01:03:23]} {[%emt 00:02:04]} 24. Kf3 {[%clk 00:40:19]} {[%emt 00:02:27]}
g4+ {[%clk 01:03:33]} {[%emt 00:00:20]} 25. Ke2 {[%clk 00:39:43]} {[%emt
00:01:06]} Nd6 {[%clk 01:03:53]} {[%emt 00:00:10]} 26. b3 {[%clk 00:35:10]}
{[%emt 00:05:03]} c5 {[%clk 00:54:15]} {[%emt 00:10:07]} 27. Nc2 {[%clk
00:35:15]} {[%emt 00:00:25]} Ne4 {[%clk 00:54:39]} {[%emt 00:00:06]} 28. Rh1
{[%clk 00:29:34]} {[%emt 00:06:11]} Nc3+ {[%clk 00:54:03]} {[%emt 00:01:07]} 29.
Kf2 {[%clk 00:29:55]} {[%emt 00:00:09]} Nxa2 {[%clk 00:54:21]} {[%emt
00:00:14]} 30. h3 {[%clk 00:29:27]} {[%emt 00:00:58]} h5 {[%clk 00:54:44]}
{[%emt 00:00:06]} 31. hxg4 {[%clk 00:29:42]} {[%emt 00:00:15]} hxg4 {[%clk
00:55:10]} {[%emt 00:00:04]} 32. Rh5 {[%clk 00:28:36]} {[%emt 00:01:36]} Rf8
{[%clk 00:55:35]} {[%emt 00:00:05]} 33. Nxb4 {[%clk 00:26:14]} {[%emt
00:02:52]} Nxb4 {[%clk 00:55:55]} {[%emt 00:00:10]} 34. Ke2 {[%clk 00:25:31]}
{[%emt 00:01:12]} b6 {[%clk 00:55:07]} {[%emt 00:01:19]} 35. Rh6 {[%clk
00:24:08]} {[%emt 00:01:53]} Re8 {[%clk 00:55:31]} {[%emt 00:00:05]} 36. Kd2
{[%clk 00:23:25]} {[%emt 00:01:14]} Rd8+ {[%clk 00:51:34]} {[%emt 00:04:27]} 37.
Ke2 {[%clk 00:23:29]} {[%emt 00:00:25]} Kc7 {[%clk 00:51:49]} {[%emt 00:00:16]}
38. Rf6 {[%emt 00:01:01]} Rd3 {[%clk 00:52:13]} 39. Rf7+ {[%clk 00:22:15]}
{[%emt 00:01:19]} Kd8 {[%clk 00:52:22]} {[%emt 00:00:20]} 40. Rf6 {[%clk
00:21:36]} {[%emt 00:01:09]} Rxb3 {[%clk 00:52:25]} {[%emt 00:00:27]} 41. Rxb6
{[%clk 00:21:20]} {[%emt 00:00:46]} Rb2+ {[%clk 00:52:30]} {[%emt 00:00:26]} 42.
Kf1 {[%clk 00:21:30]} {[%emt 00:00:20]} Kc7 {[%clk 00:48:48]} {[%emt 00:04:11]}
43. Rf6 {[%clk 00:20:43]} {[%emt 00:01:18]} a5 {[%clk 00:47:24]} {[%emt
00:01:54]} 44. Rxf5 {[%clk 00:19:21]} {[%emt 00:01:51]} a4 {[%clk 00:47:49]}
{[%emt 00:00:06]} 45. Rxc5+ {[%clk 00:18:57]} {[%emt 00:00:53]} Nc6 {[%clk
00:47:49]} {[%emt 00:00:30]} 46. Bd4 {[%clk 00:14:11]} {[%emt 00:05:17]} Rb3
{[%clk 00:46:42]} {[%emt 00:01:36]} 47. Kg2 {[%clk 00:13:19]} {[%emt 00:01:23]}
a3 {[%clk 00:46:41]} {[%emt 00:00:30]} 48. Bf6 {[%clk 00:12:57]} {[%emt
00:00:52]} a2 {[%clk 00:46:43]} {[%emt 00:00:28]} 49. Rd5 {[%clk 00:11:07]}
{[%emt 00:02:20]} Rb1 {[%clk 00:44:13]} {[%emt 00:03:00]} 50. Rd2 {[%clk
00:10:14]} {[%emt 00:01:23]} a1=Q {[%clk 00:44:23]} {[%emt 00:00:20]} 51. Bxa1
{[%clk 00:10:42]} {[%emt 00:00:02]} Rxa1 {[%clk 00:44:48]} {[%emt 00:00:05]} 52.
Rd5 {[%clk 00:10:54]} {[%emt 00:00:17]} Ra2+ {[%clk 00:43:52]} {[%emt
00:01:26]} 53. Kg1 {[%clk 00:10:32]} {[%emt 00:00:52]} Na5 {[%clk 00:41:24]}
{[%emt 00:02:58]} 54. Rg5 {[%clk 00:10:39]} {[%emt 00:00:23]} Nxc4 {[%clk
00:41:50]} {[%emt 00:00:05]} 55. Rc5+ {[%clk 00:11:02]} {[%emt 00:00:07]} Kd6
{[%clk 00:42:15]} {[%emt 00:00:05]} 56. Rxc4 {[%clk 00:11:30]} {[%emt
00:00:02]} Kd5 {[%clk 00:42:39]} {[%emt 00:00:06]} 57. Rc3 {[%clk 00:11:13]}
{[%emt 00:00:46]} Ke4 {[%clk 00:42:58]} {[%emt 00:00:11]} 1/2-1/2

[Event "XLIV Memoriał Szachowy Ludwika Zamenhofa 2025, Grupa B"]
[Site "Bialystok, Poland"]
[Date "2025.12.30"]
[Round "7.22"]
[White "Fudala, Dominik"]
[Black "Lewczuk, Jakub"]
[Result "1-0"]
[TimeControl "90'+30\""]
[WhiteElo "1877"]
[BlackElo "1805"]

1. e4 {[%clk 01:27:48]} {[%emt 00:03:11]} c6 {[%clk 01:30:59]} {[%emt
00:00:01]} 2. d4 {[%clk 01:28:10]} {[%emt 00:00:08]} d5 {[%clk 01:31:21]}
{[%emt 00:00:08]} 3. exd5 {[%clk 01:28:30]} {[%emt 00:00:10]} cxd5 {[%clk
01:31:46]} {[%emt 00:00:05]} 4. Bd3 {[%clk 01:28:56]} {[%emt 00:00:04]} Nc6
{[%clk 01:32:07]} {[%emt 00:00:08]} 5. c3 {[%clk 01:29:18]} {[%emt 00:00:09]}
Nf6 {[%clk 01:32:10]} {[%emt 00:00:27]} 6. h3 {[%clk 01:29:40]} {[%emt
00:00:08]} g6 {[%clk 01:31:33]} {[%emt 00:01:08]} 7. Nf3 {[%clk 01:29:50]}
{[%emt 00:00:19]} Bg7 {[%clk 01:31:27]} {[%emt 00:00:36]} 8. Bf4 {[%clk
01:30:07]} {[%emt 00:00:13]} a6 {[%clk 01:30:31]} {[%emt 00:01:27]} 9. a4
{[%clk 01:27:58]} {[%emt 00:02:38]} O-O {[%clk 01:30:34]} {[%emt 00:00:19]} 10.
O-O {[%clk 01:28:24]} {[%emt 00:00:12]} Re8 {[%clk 01:23:44]} {[%emt 00:07:21]}
11. Re1 {[%clk 01:28:12]} {[%emt 00:00:41]} Nd7 {[%clk 01:19:57]} {[%emt
00:04:16]} 12. Nbd2 {[%clk 01:27:05]} {[%emt 00:01:38]} b6 {[%clk 01:02:14]}
{[%emt 00:18:13]} 13. Nb3 {[%clk 01:23:51]} {[%emt 00:03:44]} Bb7 {[%clk
01:00:03]} {[%emt 00:02:40]} 14. Ne5 {[%clk 01:07:47]} {[%emt 00:16:34]} Ncxe5
{[%clk 00:51:20]} {[%emt 00:09:14]} 15. dxe5 {[%clk 01:07:44]} {[%emt
00:00:32]} e6 {[%clk 00:51:07]} {[%emt 00:00:43]} 16. Nd4 {[%clk 00:56:57]}
{[%emt 00:11:17]} Qc7 {[%clk 00:48:21]} {[%emt 00:03:14]} 17. Qe2 {[%clk
00:54:22]} {[%emt 00:03:07]} Rec8 {[%clk 00:46:38]} {[%emt 00:02:14]} 18. h4
{[%clk 00:52:46]} {[%emt 00:02:06]} Qd8 {[%clk 00:42:04]} {[%emt 00:05:03]} 19.
Qg4 {[%clk 00:50:18]} {[%emt 00:02:59]} Qc7 {[%clk 00:31:16]} {[%emt 00:11:17]}
20. h5 {[%clk 00:34:20]} {[%emt 00:16:28]} Nf8 {[%clk 00:23:09]} {[%emt
00:08:38]} 21. Re3 {[%clk 00:29:08]} {[%emt 00:05:42]} gxh5 {[%clk 00:19:43]}
{[%emt 00:03:55]} 22. Qxh5 {[%clk 00:29:12]} {[%emt 00:00:25]} Ng6 {[%clk
00:19:41]} {[%emt 00:00:33]} 23. Bh2 {[%clk 00:27:55]} {[%emt 00:01:46]} h6
{[%clk 00:13:12]} {[%emt 00:06:58]} 24. Bxg6 {[%clk 00:19:44]} {[%emt
00:08:43]} fxg6 {[%clk 00:13:34]} {[%emt 00:00:08]} 25. Qxg6 {[%clk 00:19:54]}
{[%emt 00:00:20]} Qf7 {[%clk 00:13:47]} {[%emt 00:00:17]} 26. Qxe6 {[%clk
00:19:57]} {[%emt 00:00:27]} Qxe6 {[%clk 00:13:14]} {[%emt 00:01:03]} 27. Nxe6
{[%emt 00:00:33]} Rc6 {[%clk 00:13:17]} 28. Nd4 {[%clk 00:19:55]} {[%emt
00:00:56]} Rg6 {[%clk 00:13:24]} {[%emt 00:00:23]} 29. f4 {[%clk 00:18:10]}
{[%emt 00:02:15]} Bf8 {[%clk 00:12:53]} {[%emt 00:01:02]} 30. f5 {[%clk
00:18:11]} {[%emt 00:00:29]} Rg4 {[%clk 00:13:00]} {[%emt 00:00:20]} 31. Rg3
{[%clk 00:16:42]} {[%emt 00:02:02]} Rxg3 {[%clk 00:13:03]} {[%emt 00:00:26]} 32.
Bxg3 {[%clk 00:17:10]} {[%emt 00:00:02]} Bc5 {[%clk 00:13:15]} {[%emt
00:00:19]} 33. e6 {[%clk 00:15:50]} {[%emt 00:01:50]} Rf8 {[%clk 00:13:11]}
{[%emt 00:00:33]} 34. Rf1 {[%clk 00:16:13]} {[%emt 00:00:08]} b5 {[%clk
00:13:17]} {[%emt 00:00:23]} 35. a5 {[%clk 00:14:46]} {[%emt 00:01:57]} Bc8
{[%clk 00:13:16]} {[%emt 00:00:31]} 36. b4 {[%clk 00:13:40]} {[%emt 00:01:36]}
Ba7 {[%clk 00:13:04]} {[%emt 00:00:42]} 37. Bd6 {[%clk 00:11:10]} {[%emt
00:03:00]} Bxd4+ {[%clk 00:13:05]} {[%emt 00:00:29]} 38. cxd4 {[%clk 00:11:28]}
{[%emt 00:00:12]} Rf6 {[%clk 00:13:18]} {[%emt 00:00:18]} 39. Be7 {[%clk
00:11:28]} {[%emt 00:00:30]} Kg7 {[%clk 00:13:26]} {[%emt 00:00:22]} 40. Bxf6+
{[%clk 00:11:46]} {[%emt 00:00:12]} Kxf6 {[%clk 00:13:47]} {[%emt 00:00:05]} 41.
Rc1 {[%clk 00:12:04]} {[%emt 00:00:16]} 1-0

[Event "XLIV Memoriał Szachowy Ludwika Zamenhofa 2025, Grupa B"]
[Site "Bialystok, Poland"]
[Date "2025.12.30"]
[Round "7.23"]
[White "Kaminska, Zuzanna"]
[Black "Wons, Krystian"]
[Result "1-0"]
[TimeControl "90'+30\""]
[WhiteElo "1873"]
[BlackElo "1807"]

1. e4 {[%emt 00:02:16]} e6 {[%clk 01:29:36]} {[%emt 00:00:11]} 2. d3 {[%clk
01:30:16]} {[%emt 00:00:09]} d5 {[%clk 01:29:33]} {[%emt 00:00:32]} 3. Nd2
{[%clk 01:30:35]} {[%emt 00:00:12]} Nf6 {[%clk 01:28:58]} {[%emt 00:01:06]} 4.
Ngf3 {[%clk 01:30:32]} {[%emt 00:00:32]} dxe4 {[%clk 01:28:09]} {[%emt
00:01:19]} 5. dxe4 {[%clk 01:29:30]} {[%emt 00:01:31]} Nc6 {[%clk 01:26:31]}
{[%emt 00:02:08]} 6. Bb5 {[%clk 01:22:25]} {[%emt 00:07:35]} Bd7 {[%clk
01:26:06]} {[%emt 00:00:56]} 7. O-O {[%clk 01:21:20]} {[%emt 00:01:34]} Bc5
{[%clk 01:17:00]} {[%emt 00:09:36]} 8. c3 {[%clk 01:15:29]} {[%emt 00:06:22]}
a6 {[%clk 01:14:52]} {[%emt 00:02:38]} 9. Ba4 {[%clk 01:14:00]} {[%emt
00:01:58]} O-O {[%clk 01:12:31]} {[%emt 00:02:51]} 10. e5 {[%clk 01:07:49]}
{[%emt 00:06:42]} Ng4 {[%clk 00:51:31]} {[%emt 00:21:29]} 11. Ne4 {[%clk
01:02:17]} {[%emt 00:06:01]} Be7 {[%clk 00:47:24]} {[%emt 00:04:38]} 12. Bf4
{[%clk 00:55:27]} {[%emt 00:07:19]} f5 {[%clk 00:40:52]} {[%emt 00:07:02]} 13.
exf6 {[%clk 00:49:32]} {[%emt 00:06:25]} Nxf6 {[%clk 00:38:15]} {[%emt
00:03:08]} 14. Re1 {[%clk 00:45:06]} {[%emt 00:04:55]} Nd5 {[%clk 00:24:36]}
{[%emt 00:14:09]} 15. Bg3 {[%clk 00:41:20]} {[%emt 00:04:16]} Na5 {[%clk
00:18:32]} {[%emt 00:06:35]} 16. Bc2 {[%clk 00:31:11]} {[%emt 00:10:38]} Re8
{[%clk 00:11:30]} {[%emt 00:07:32]} 17. Ne5 {[%clk 00:27:24]} {[%emt 00:04:17]}
Bd6 {[%clk 00:04:19]} {[%emt 00:07:41]} 18. Qh5 {[%clk 00:08:05]} {[%emt
00:19:48]} h6 {[%clk 00:00:40]} {[%emt 00:04:11]} 19. Qf7+ {[%clk 00:07:32]}
{[%emt 00:01:02]} Kh8 {[%clk 00:01:09]} {[%emt 00:00:01]} 20. Ng6+ {[%clk
00:01:55]} {[%emt 00:06:07]} Kh7 {[%clk 00:01:38]} {[%emt 00:00:02]} 21. Nxd6
{[%clk 00:01:33]} {[%emt 00:00:52]} cxd6 {[%clk 00:01:07]} {[%emt 00:01:00]} 22.
Ne5+ {[%clk 00:00:55]} {[%emt 00:01:08]} Kh8 {[%clk 00:01:23]} {[%emt
00:00:13]} 23. Qg6 {[%clk 00:00:55]} {[%emt 00:00:31]} 1-0

[Event "XLIV Memoriał Szachowy Ludwika Zamenhofa 2025, Grupa B"]
[Site "Bialystok, Poland"]
[Date "2025.12.30"]
[Round "7.24"]
[White "Sucharski, Jakub"]
[Black "Tonga, Radoslaw"]
[Result "1-0"]
[TimeControl "90'+30\""]
[WhiteElo "1871"]
[BlackElo "1720"]

1. e4 {[%clk 01:20:22]} {[%emt 00:10:37]} c5 {[%clk 01:30:50]} {[%emt
00:00:10]} 2. Nf3 {[%clk 01:20:39]} {[%emt 00:00:13]} a6 {[%clk 01:30:43]}
{[%emt 00:00:07]} 3. c4 {[%clk 01:20:13]} {[%emt 00:00:57]} Nc6 {[%clk
01:31:33]} {[%emt 00:00:11]} 4. d4 {[%clk 01:20:20]} {[%emt 00:00:22]} cxd4
{[%clk 01:31:54]} {[%emt 00:00:09]} 5. Nxd4 {[%clk 01:20:43]} {[%emt 00:00:08]}
e5 {[%clk 01:32:13]} {[%emt 00:00:11]} 6. Nf5 {[%emt 00:00:43]} d5 {[%clk
01:32:35]} 7. cxd5 {[%clk 01:20:53]} {[%emt 00:00:15]} Bxf5 {[%clk 01:32:57]}
{[%emt 00:00:08]} 8. exf5 {[%clk 01:21:10]} {[%emt 00:00:13]} Nd4 {[%clk
01:33:20]} {[%emt 00:00:07]} 9. Nc3 {[%clk 01:20:19]} {[%emt 00:01:21]} Nf6
{[%clk 01:33:38]} {[%emt 00:00:12]} 10. Bc4 {[%clk 01:14:05]} {[%emt 00:06:44]}
Be7 {[%clk 01:29:43]} {[%emt 00:04:25]} 11. O-O {[%clk 01:09:40]} {[%emt
00:04:55]} O-O {[%clk 01:29:30]} {[%emt 00:00:43]} 12. f4 {[%clk 01:07:43]}
{[%emt 00:02:26]} Qc7 {[%clk 01:27:36]} {[%emt 00:02:24]} 13. Bb3 {[%clk
01:05:17]} {[%emt 00:02:57]} e4 {[%clk 01:15:57]} {[%emt 00:12:09]} 14. Re1
{[%clk 01:01:54]} {[%emt 00:03:53]} Nxf5 {[%clk 01:12:14]} {[%emt 00:04:13]} 15.
Nxe4 {[%clk 00:59:45]} {[%emt 00:02:37]} Nxe4 {[%clk 01:08:05]} {[%emt
00:04:40]} 16. Rxe4 {[%clk 00:59:09]} {[%emt 00:01:07]} Bc5+ {[%clk 01:07:39]}
{[%emt 00:00:56]} 17. Kh1 {[%clk 00:57:57]} {[%emt 00:01:41]} Rae8 {[%clk
01:06:00]} {[%emt 00:02:10]} 18. Rxe8 {[%clk 00:51:58]} {[%emt 00:06:29]} Rxe8
{[%clk 01:06:16]} {[%emt 00:00:14]} 19. Bd2 {[%clk 00:51:47]} {[%emt 00:00:41]}
Qd6 {[%clk 01:04:39]} {[%emt 00:02:07]} 20. Qg4 {[%clk 00:50:19]} {[%emt
00:01:58]} Nh6 {[%clk 00:50:37]} {[%emt 00:14:31]} 21. Qg5 {[%clk 00:47:01]}
{[%emt 00:03:48]} Bb4 {[%clk 00:36:51]} {[%emt 00:14:17]} 22. Bxb4 {[%clk
00:43:12]} {[%emt 00:04:19]} Qxb4 {[%clk 00:37:03]} {[%emt 00:00:18]} 23. h3
{[%clk 00:43:16]} {[%emt 00:00:26]} Kf8 {[%clk 00:30:26]} {[%emt 00:07:06]} 24.
Rd1 {[%clk 00:42:00]} {[%emt 00:01:47]} Re1+ {[%clk 00:24:12]} {[%emt
00:06:44]} 25. Rxe1 {[%clk 00:41:28]} {[%emt 00:01:02]} Qxe1+ {[%clk 00:24:35]}
{[%emt 00:00:06]} 26. Kh2 {[%clk 00:41:52]} {[%emt 00:00:06]} Qe7 {[%clk
00:24:55]} {[%emt 00:00:11]} 27. Qe5 {[%clk 00:40:52]} {[%emt 00:01:29]} b5
{[%clk 00:14:01]} {[%emt 00:11:24]} 28. Qb8+ {[%clk 00:40:16]} {[%emt
00:01:07]} Qe8 {[%clk 00:14:23]} {[%emt 00:00:08]} 29. Qd6+ {[%clk 00:40:18]}
{[%emt 00:00:28]} Qe7 {[%clk 00:14:47]} {[%emt 00:00:06]} 30. Qxa6 {[%clk
00:40:25]} {[%emt 00:00:23]} Ng4+ {[%clk 00:13:29]} {[%emt 00:01:48]} 31. Kg3
{[%clk 00:30:06]} {[%emt 00:10:48]} Qe3+ {[%clk 00:13:06]} {[%emt 00:00:54]} 32.
Kxg4 {[%clk 00:29:19]} {[%emt 00:01:18]} h5+ {[%clk 00:09:37]} {[%emt
00:03:58]} 33. Kf5 {[%clk 00:12:54]} {[%emt 00:16:55]} Qd3+ {[%clk 00:06:04]}
{[%emt 00:04:03]} 34. Ke5 {[%clk 00:12:55]} {[%emt 00:00:29]} g6 {[%clk
00:00:53]} {[%emt 00:05:40]} 35. Qd6+ {[%clk 00:10:41]} {[%emt 00:02:45]} Kg8
{[%clk 00:00:38]} {[%emt 00:00:45]} 36. Qd8+ {[%clk 00:11:10]} {[%emt
00:00:02]} Kh7 {[%clk 00:00:43]} {[%emt 00:00:25]} 37. Kd6 {[%clk 00:11:23]}
{[%emt 00:00:17]} Qd4 {[%clk 00:00:46]} {[%emt 00:00:27]} 38. Kc6 {[%clk
00:10:39]} {[%emt 00:01:14]} Qxf4 {[%clk 00:00:35]} {[%emt 00:00:40]} 39. d6
{[%clk 00:10:52]} {[%emt 00:00:18]} Qe4+ {[%clk 00:00:34]} {[%emt 00:00:31]} 40.
Kc7 {[%clk 00:11:11]} {[%emt 00:00:11]} Qd4 {[%clk 00:00:40]} {[%emt 00:00:24]}
41. Qe7 {[%clk 00:11:01]} {[%emt 00:00:39]} Qc5+ {[%clk 00:00:34]} {[%emt
00:00:37]} 42. Kb7 {[%clk 00:11:26]} {[%emt 00:00:05]} Kh6 {[%clk 00:00:34]}
{[%emt 00:00:30]} 43. Qc7 {[%clk 00:10:48]} {[%emt 00:01:07]} Qd4 {[%clk
00:00:34]} {[%emt 00:00:31]} 44. d7 {[%clk 00:11:04]} {[%emt 00:00:13]} Qe4+
{[%clk 00:00:37]} {[%emt 00:00:27]} 45. Kb8 {[%clk 00:11:20]} {[%emt 00:00:15]}
1-0